Statistiche per Geografia per lettera - L

Clicka qui per fare il quiz!

Statistiche generali

  • Questo quiz è stato fatto 201 volte
  • Il punteggio medio è 16 su 24

Statistiche sulle risposte

tracciarisposta% Corretto
Capitale dell'InghilterraLondra
100%
Famoso museo di ParigiLouvre
99%
Capitale del PortogalloLisbona
98%
Ex moneta italianaLira
97%
Lingua dell'impero romanoLatino
95%
Paese appena a sud della LettoniaLituania
93%
Vicino di IsraeleLibano
86%
Seconda città più grande negli Stati UnitiLos Angeles
78%
Città da cui provengono i BeatlesLiverpool
76%
Isola italiana tra Malta e TunisiaLampedusa
75%
Città svizzera di lingua italianaLugano
73%
L'ex nome di San PietroburgoLeningrado
72%
Stato degli Stati Uniti chiamato
per un re francese
Luisiana
72%
Compagnia aerea tedescaLufthansa
67%
Il fiume più lungo in FranciaLoira
66%
Regione della Norvegia settentrionale,
Svezia, Finlandia e Russia
Lapponia
63%
Isola greca di SapphoLesbo
53%
Paese fondato da schiavi americani liberatiLiberia
48%
La più grande città della NigeriaLagos
47%
Città principale nello YorkshireLeeds
25%
Fondatore del TaoismoLaozi
22%
Città e contea in IrlandaLimerick
18%
Isola principale delle FilippineLuzon
18%
Pantaloni in pelle visti all'OktoberfestLederhosen
11%

Distribuzione punteggi

Percentile per numero di risposta

Percentuale di utenti per punteggio

I tuoi punteggi nel tempo

Non hai fatto questo quiz